[Event "New York op"]
[Site "?"]
[Date "1998.03.21"]
[Round "?"]
[White "Magem Badals, Jordi"]
[Black "Khalifman, Alexander"]
[WhiteElo "2535"]
[BlackElo "2660"]
[Result "1-0"]

1. e4 e5 2. Nf3 Nc6 3. Bb5 a6 4. Bxc6 dxc6 5. O-O Bg4 6. h3 h5 7. d3 Qf6 8. Nbd2 Ne7 9. Re1 Ng6 10. d4 Bd6 11. hxg4 hxg4 12. Nh2 Rxh2 13. Qxg4 Qh4 14. Qxh4 Rxh4 15. Nf3 Rh5 16. Be3 O-O-O 17. g3 f5 18. exf5 Rxf5 19. Kg2 Rdf8 20. Nxe5 Nxe5 21. dxe5 Bxe5 22. c3 a5 23. a4 Bd6 24. Bd4 c5 25. Be3 Kd7 26. Rh1 Kc6 27. Rh4 Be7 28. Re4 Bf6 29. Rd1 Rd5 30. Rxd5 Kxd5 31. Rf4 Re8 32. c4+ Kc6 33. b3 Rd8 34. Rf3 b6 35. g4 Be5 36. Rf5 Kd6 37. f4 Bd4 38. Rd5+ Ke7 39. Rxd8 Bxe3 40. Rg8 Kf7 41. Kf3 

1-0

[Event "Yerevan ol"]
[Site "?"]
[Date "1996.??.??"]
[Round "?"]
[White "Magem Badals, Jordi"]
[Black "Almasi, Zoltan"]
[WhiteElo "2570"]
[BlackElo "2655"]
[Result "1-0"]

1. e4 e5 2. Nf3 Nc6 3. Bb5 a6 4. Bxc6 dxc6 5. O-O Qd6 6. Na3 Be6 7. Qe2 f6 8. Nc4 Qd7 9. Rd1 c5 10. c3 Bg4 11. h3 Bh5 12. d4 exd4 13. cxd4 cxd4 14. g4 Bf7 15. Nxd4 Bc5 16. Be3 Bxd4 17. Rxd4 Qe6 18. Bf4 Rc8 19. Na5 b6 20. Nb7 Ne7 21. Bxc7 O-O 22. Nd8 Rcxd8 23. Rxd8 Rxd8 24. Bxd8 Bg6 25. Bc7 h5 26. b3 b5 27. Rd1 

1-0

[Event "Barcelona"]
[Site "?"]
[Date "1992.??.??"]
[Round "?"]
[White "Magem Badals, Jordi"]
[Black "Sokolov, Ivan"]
[WhiteElo "2515"]
[BlackElo "2630"]
[Result "1-0"]

1. e4 c5 2. Nf3 e6 3. d4 cxd4 4. Nxd4 Nf6 5. Nc3 Nc6 6. Ndb5 d6 7. Bf4 e5 8. Bg5 a6 9. Na3 b5 10. Bxf6 gxf6 11. Nd5 f5 12. Bd3 Be6 13. Qh5 Rg8 14. g3 Rg4 15. f4 Bg7 16. c3 b4 17. Nc2 bxc3 18. Nxc3 exf4 19. exf5 Rg5 20. Qxh7 Bxc3+ 21. bxc3 Bd5 22. gxf4 Qe7+ 23. Kd1 Bf3+ 24. Kc1 Ne5 25. f6 Qxf6 26. fxe5 Qf4+ 27. Kb2 Qd2 28. Bb5+ axb5 29. Rhf1 Qd5 30. Qh8+ Kd7 31. Qf6 b4 32. Qxg5 bxc3+ 33. Kc1 dxe5 34. Qe3 Bh5 35. Qxc3 Ke7 36. Qd2 Qc4 37. Qb4+ 

1-0

[Event "Madrid"]
[Site "?"]
[Date "1994.??.??"]
[Round "?"]
[White "Magem Badals, Jordi"]
[Black "Tiviakov, Sergei"]
[WhiteElo "2505"]
[BlackElo "2630"]
[Result "1-0"]

1. e4 c5 2. c3 Nf6 3. e5 Nd5 4. g3 Nc6 5. Bg2 e6 6. Nf3 d6 7. exd6 Bxd6 8. O-O O-O 9. d4 b6 10. c4 Nde7 11. Nc3 Bb7 12. d5 exd5 13. cxd5 Nb4 14. Ng5 h6 15. Nge4 Nbxd5 16. Bxh6 Be5 17. Bd2 Nxc3 18. bxc3 Ng6 19. f4 Bd4+ 20. Kh1 f5 21. Nf6+ Bxf6 22. Bxb7 Rb8 23. Bg2 Qd3 24. Rf3 Qd7 25. Qb3+ Kh7 26. Rf2 Rfe8 27. a4 Rbd8 28. Rb1 Re6 29. Bf1 Re4 30. Bb5 Qb7 31. Kg1 c4 32. Bxc4 Be7 33. Qb5 Qc8 34. Bd3 Bc5 35. Be1 Re3 36. Bc2 Rde8 37. Qf1 Kg8 38. Kh1 Kf8 39. Bd2 Qc6+ 40. Qg2 Qxg2+ 41. Rxg2 Re2 42. Rxe2 Rxe2 43. Rd1 Ne7 44. Bd3 Rf2 45. Be1 Rb2 46. Rd2 Rxd2 47. Bxd2 g6 48. Kg2 Kg7 49. Kf3 Nc8 50. h3 Nd6 51. g4 Kf6 52. Be1 Ba3 53. Bh4+ Kf7 54. Bf2 Bc5 55. Bd4 Ke6 56. Be5 Ne8 57. Bb5 Nd6 58. Bd3 Ne8 59. Bc4+ Ke7 60. Ba6 Nd6 61. Bd3 Kd7 62. Bg7 Ke6 63. Kg3 Be3 64. Kf3 Bd2 65. Bd4 Bc1 66. Be5 Bd2 67. Ke2 Bc1 68. Kf3 Bd2 69. h4 Be1 70. h5 fxg4+ 71. Ke2 Bxc3 72. Bxc3 gxh5 73. Be5 Nf5 74. Kf2 h4 75. Bc4+ Ke7 76. Be2 g3+ 77. Kg2 Ne3+ 78. Kh3 Ke6 79. Bd4 Nd5 80. Kg4 Ne7 81. Bc4+ Kd6 82. Bg1 Ng6 83. Bd3 h3 84. Kxg3 

1-0

[Event "KUTXA"]
[Site "?"]
[Date "2009.07.14"]
[Round "?"]
[White "Magem Badals, Jordi"]
[Black "Bauer, Ch"]
[WhiteElo "2534"]
[BlackElo "2602"]
[Result "1-0"]

1. e4 c5 2. Nf3 Nc6 3. Bb5 e6 4. O-O Nge7 5. c3 a6 6. Be2 d5 7. exd5 Nxd5 8. d4 Be7 9. dxc5 Bxc5 10. c4 Nf6 11. Qxd8+ Kxd8 12. Rd1+ Ke7 13. Nc3 Ba7 14. b3 Rd8 15. Ba3+ Ke8 16. Rxd8+ Nxd8 17. Rd1 Bd7 18. Ne5 Bc6 19. g4 Ne4 20. Nxe4 Bxe4 21. Rd7 Nc6 22. Rxf7 Nxe5 23. Rf8+ Kd7 24. Rxa8 Bd4 25. Rg8 Ng6 26. Bc1 Ne7 27. Rf8 Ng6 28. Ra8 h6 29. Be3 Be5 30. b4 Ne7 31. b5 axb5 32. cxb5 Nd5 33. a4 Nc7 34. Rf8 Bg6 35. Bf3 Nd5 36. a5 Bd3 37. Rf7+ Kc8 38. Bxd5 exd5 39. Bf4 Bxf4 40. Rxf4 Bxb5 41. f3 

1-0

[Event "Casino GM"]
[Site "?"]
[Date "2009.11.10"]
[Round "?"]
[White "Magem Badals, Jordi"]
[Black "Andersson, Ulf"]
[WhiteElo "2564"]
[BlackElo "2582"]
[Result "1-0"]

1. e4 c5 2. Nf3 d6 3. d4 cxd4 4. Nxd4 Nf6 5. Nc3 a6 6. h3 g6 7. Be3 Bg7 8. Qd2 Nc6 9. O-O-O Nxd4 10. Bxd4 Be6 11. f3 O-O 12. Kb1 Qc7 13. g4 Rfc8 14. g5 Nh5 15. Bxg7 Kxg7 16. Nd5 Bxd5 17. exd5 Qc5 18. h4 Rc7 19. Bh3 a5 20. Rhe1 b5 21. Bg4 Qb4 22. Qf2 Qf4 23. Re4 Qg3 24. Qd4+ Kg8 25. Bxh5 gxh5 26. Qe3 b4 27. Rg1 Qh2 28. Rc1 Raa7 29. f4 Ra8 30. f5 Rac8 31. Rxe7 Rxe7 32. Qxe7 Qxh4 33. Qxd6 Qe4 34. Qd7 Rf8 35. f6 h4 36. b3 a4 37. bxa4 Qg2 38. d6 h3 39. Qe7 h2 40. d7 Qd5 41. Kb2 Qd4+ 42. Kb1 Qd5 43. Qe1 Qxd7 44. Qh4 Qf5 45. Qxh2 Qg6 46. Rd1 h5 47. gxh6 Kh7 48. Qf2 Rg8 49. a5 Qg4 50. Re1 

1-0

[Event "39th WCO"]
[Site "?"]
[Date "2010.09.27"]
[Round "?"]
[White "Magem Badals, Jordi"]
[Black "Vocaturo, Daniele"]
[WhiteElo "2589"]
[BlackElo "2581"]
[Result "1-0"]

1. e4 e5 2. Nf3 Nc6 3. Bb5 a6 4. Bxc6 dxc6 5. O-O Qd6 6. Na3 Be6 7. Qe2 f6 8. Rd1 Bg4 9. h3 Bh5 10. d4 O-O-O 11. Be3 Qe6 12. dxe5 Rxd1+ 13. Qxd1 Bxa3 14. bxa3 fxe5 15. g4 Bg6 16. Nd2 h5 17. f3 hxg4 18. hxg4 Qe7 19. Qe1 Nf6 20. Rb1 Qxa3 21. Nc4 Qxa2 22. Nxe5 Be8 23. Qb4 b5 24. Rc1 Qe6 25. Qc3 Qg8 26. Qa5 Qh7 27. Qxa6+ Kd8 28. Rd1+ Ke7 29. Qa3+ Ke6 30. Qb3+ Kxe5 31. Bd4+ Kf4 32. Qe3+ Kg3 33. Qf2+ Kf4 34. Qe3+ Kg3 35. Be5+ Kh4 36. Kg2 

1-0

[Event "Andorra"]
[Site "?"]
[Date "1996.??.??"]
[Round "?"]
[White "Magem Badals, Jordi"]
[Black "Apicella, Manuel"]
[WhiteElo "2570"]
[BlackElo "2560"]
[Result "1-0"]

1. e4 e6 2. d4 d5 3. Nc3 Bb4 4. exd5 exd5 5. Bd3 Nc6 6. a3 Bxc3+ 7. bxc3 Qf6 8. Rb1 Nge7 9. Ne2 O-O 10. O-O b6 11. Bf4 Ng6 12. Bxc7 Na5 13. Re1 Bd7 14. Bg3 Rac8 15. h4 h5 16. Bxg6 fxg6 17. Nf4 Qf7 18. Qf3 Kh7 19. Qxd5 Qxd5 20. Nxd5 Bf5 21. Re7 Nc6 22. Re2 Rfd8 23. Ne7 Re8 24. Rbe1 Nxe7 25. Rxe7 Rxe7 26. Rxe7 Rxc3 27. Be5 Rxa3 28. Rxg7+ Kh6 29. Rg8 g5 30. hxg5+ 

1-0

[Event "Buenos Aires Najdorf"]
[Site "?"]
[Date "1996.??.??"]
[Round "?"]
[White "Magem Badals, Jordi"]
[Black "Ricardi, Pablo"]
[WhiteElo "2565"]
[BlackElo "2555"]
[Result "1-0"]

1. e4 c5 2. Nf3 d6 3. d4 cxd4 4. Nxd4 Nf6 5. f3 e6 6. Nc3 Nc6 7. Be3 Be7 8. Qd2 a6 9. O-O-O O-O 10. g4 Nxd4 11. Qxd4 b5 12. g5 Nd7 13. h4 Rb8 14. Qd2 Bb7 15. h5 Ne5 16. f4 b4 17. Nd5 exd5 18. fxe5 Qa5 19. exd6 Qxa2 20. Qd4 Bxd6 21. e5 Bc7 22. h6 Bb6 23. Qxb6 d4 24. hxg7 Rfc8 25. Bd3 

1-0

[Event "Championship CAT"]
[Site "?"]
[Date "2014.02.08"]
[Round "?"]
[White "Magem Badals, Jordi"]
[Black "Cruz, Cristhian"]
[WhiteElo "2546"]
[BlackElo "2554"]
[Result "1-0"]

1. e4 e5 2. Nf3 Nc6 3. Bb5 f5 4. Nc3 fxe4 5. Nxe4 Nf6 6. Nxf6+ Qxf6 7. Qe2 Be7 8. Bxc6 dxc6 9. Nxe5 Bf5 10. O-O Bxc2 11. d3 O-O-O 12. Re1 Bd6 13. Qg4+ Kb8 14. Bg5 Bxe5 15. Bxf6 Bxf6 16. Rac1 Bxd3 17. b3 Rd5 18. h3 Rhd8 19. Re3 h5 20. Qg3 h4 21. Qf3 Bg5 22. Rce1 Bxe3 23. Rxe3 a5 24. Re7 g5 25. Qf7 Rf5 26. Qe6 Rdd5 27. Rd7 Rfe5 28. Qg8+ Ka7 29. Rxd5 Rxd5 30. Qf7 Bb1 31. a3 Bc2 32. b4 axb4 33. axb4 Kb6 34. f4 Bb3 35. Kh2 gxf4 36. Qxf4 Kb5 37. Qxh4 b6 38. Qf4 Bc4 39. g4 Kxb4 40. g5 Kc3 41. Qxc7 b5 42. g6 Rd2+ 43. Kg3 Bd5 44. g7 Rg2+ 45. Kf4 b4 46. Qe5+ Kc2 47. h4 b3 48. h5 b2 49. h6 Rf2+ 50. Kg3 Rf3+ 51. Kh2 b1=Q 52. Qe2+ Kc1 53. Qe1+ Kb2 54. Qxb1+ Kxb1 55. h7 Rf2+ 56. Kh3 Rf3+ 57. Kg4 Rf1 58. h8=Q Rg1+ 59. Kf4 Bb3 60. Qb8 Kc2 61. Qa7 Rg2 62. Qc5+ Kb1 63. Qb6 Ka2 64. Qa6+ Kb2 65. Qxc6 Rg1 66. Ke3 Rg4 67. Qf6+ Ka2 68. Qa6+ 

1-0

[Event "Casino GM"]
[Site "?"]
[Date "2009.11.06"]
[Round "?"]
[White "Magem Badals, Jordi"]
[Black "Almeida Quintana, Omar"]
[WhiteElo "2564"]
[BlackElo "2542"]
[Result "1-0"]

1. e4 g6 2. d4 Bg7 3. Nf3 c6 4. Nc3 d6 5. Be3 Nd7 6. Qd2 b5 7. Bd3 Bb7 8. O-O a6 9. a4 Ngf6 10. e5 dxe5 11. dxe5 Ng4 12. e6 Nde5 13. exf7+ Nxf7 14. Bc5 O-O 15. Rae1 Nfe5 16. Ng5 Bh6 17. h3 Rf5 18. hxg4 Bxg5 19. Bc4+ Nxc4 20. Qxd8+ Rxd8 21. gxf5 Kf7 22. fxg6+ hxg6 23. Ne4 Bh6 24. b3 Nd6 25. f4 Bc8 26. Ng5+ Ke8 27. Bb6 Rd7 28. Re6 Rb7 29. Rxg6 Bf8 30. Re1 bxa4 31. Bc5 axb3 32. cxb3 

1-0

[Event "Yerevan ol"]
[Site "?"]
[Date "1996.??.??"]
[Round "?"]
[White "Magem Badals, Jordi"]
[Black "Dizdar, Goran"]
[WhiteElo "2570"]
[BlackElo "2535"]
[Result "1-0"]

1. e4 e6 2. d4 d5 3. Nc3 Nf6 4. Bg5 dxe4 5. Nxe4 Be7 6. Bxf6 Bxf6 7. Nf3 Nd7 8. Bc4 O-O 9. Qe2 c5 10. O-O-O Qb6 11. Nxf6+ Nxf6 12. dxc5 Qxc5 13. Ne5 Rb8 14. Rhe1 b5 15. Bd3 b4 16. g4 b3 17. axb3 Rxb3 18. Qe3 Qxe3+ 19. Rxe3 Rb4 20. c4 Rb7 21. Be2 Nd7 22. Nxd7 Bxd7 23. Ra3 Rc8 24. b3 Bc6 25. Kb2 h5 26. gxh5 Rcb8 27. Rd6 Rc7 28. Kc3 Kf8 29. Rd1 Ke7 30. Rda1 Rbb7 31. Ra5 Kd8 32. Rg1 f6 33. h6 Be4 34. Rg4 Bh7 35. Bf3 Rb8 36. Rxg7 

1-0

[Event "Buenos Aires Najdorf"]
[Site "?"]
[Date "1996.??.??"]
[Round "?"]
[White "Magem Badals, Jordi"]
[Black "Slipak, Sergio"]
[WhiteElo "2565"]
[BlackElo "2535"]
[Result "1-0"]

1. e4 e5 2. Nf3 Nc6 3. Bb5 Nf6 4. O-O Nxe4 5. d4 a6 6. Ba4 b5 7. Bb3 d5 8. dxe5 Be6 9. Be3 Bc5 10. Qd3 Ne7 11. Nc3 Bxe3 12. Qxe3 Nf5 13. Qe1 Nc5 14. Rd1 c6 15. Ne2 O-O 16. c3 Nxb3 17. axb3 Qb6 18. b4 a5 19. Ned4 Nxd4 20. Nxd4 axb4 21. cxb4 c5 22. bxc5 Qxc5 23. Qd2 Qb6 24. h3 Rfc8 25. Kh2 Qa5 26. Qe3 Qb4 27. Rd2 Rc4 28. f4 Ra4 29. Rfd1 Ra2 30. f5 Bc8 31. f6 gxf6 32. Qg3+ Kh8 33. exf6 Qf8 34. Re1 Be6 35. Rxe6 fxe6 36. Nxe6 Qf7 37. Qg7+ Qxg7 38. fxg7+ Kg8 39. Rf2 

1-0

[Event "Horgen SKA"]
[Site "?"]
[Date "1994.??.??"]
[Round "?"]
[White "Magem Badals, Jordi"]
[Black "Hickl, Joerg"]
[WhiteElo "2520"]
[BlackElo "2535"]
[Result "1-0"]

1. e4 g6 2. d4 d6 3. Nf3 Bg7 4. c3 Nc6 5. Bd3 e5 6. dxe5 dxe5 7. O-O Nf6 8. b4 a6 9. a4 O-O 10. Ba3 Re8 11. Qc2 Bg4 12. Nbd2 Nh5 13. h3 Be6 14. Bc4 Nf4 15. Rfd1 Qf6 16. Bxe6 Rxe6 17. h4 Ree8 18. g3 Ne6 19. Kg2 b5 20. axb5 axb5 21. Nf1 Red8 22. Bb2 Rxa1 23. Rxa1 Qe7 24. Qe2 Rb8 25. Ne3 Ncd8 26. h5 f6 27. Nh4 Qe8 28. Qg4 Ng5 29. hxg6 hxg6 30. Nd5 c6 31. Nc7 Qf7 32. Ra7 Kh7 33. Bc1 Nde6 34. Bxg5 Nxg5 35. Nxb5 Qg8 36. Nd6 Qe6 37. Nhf5 gxf5 38. Nxf5 Kg8 39. Rxg7+ Kf8 40. Qh5 Nf7 41. Rh7 Qc4 

1-0

[Event "Moscow ol"]
[Site "?"]
[Date "1994.??.??"]
[Round "?"]
[White "Magem Badals, Jordi"]
[Black "Lalic, Bogdan"]
[WhiteElo "2520"]
[BlackElo "2530"]
[Result "1-0"]

1. e4 e5 2. Nf3 Nc6 3. Bb5 a6 4. Bxc6 dxc6 5. O-O Bd6 6. d4 exd4 7. Qxd4 f6 8. c4 Qe7 9. Nc3 Bc5 10. Qd3 Be6 11. b3 Rd8 12. Qe2 Kd7 13. e5 Kc8 14. Ne4 Bg4 15. Nxc5 Qxc5 16. Bb2 Re8 17. h3 Bh5 18. Qe3 Bg6 19. Qc3 fxe5 20. Nxe5 Nf6 21. b4 Qd6 22. Rad1 Qe6 23. Rfe1 Qf5 24. b5 cxb5 25. cxb5 Qc2 26. Qa3 Ne4 27. Bd4 Rxe5 28. Rc1 Qxc1 29. Rxc1 Re6 30. Qa5 

1-0

[Event "EU-chT"]
[Site "?"]
[Date "1992.??.??"]
[Round "?"]
[White "Magem Badals, Jordi"]
[Black "Hertneck, Gerald"]
[WhiteElo "2515"]
[BlackElo "2530"]
[Result "1-0"]

1. e4 e6 2. d4 d5 3. Nc3 Bb4 4. e5 Ne7 5. a3 Bxc3+ 6. bxc3 c5 7. h4 Qa5 8. Bd2 cxd4 9. cxd4 Qa4 10. Nf3 b6 11. h5 h6 12. Qb1 Ba6 13. Qb3 Qc6 14. Bb4 Bxf1 15. Rxf1 Qd7 16. Bxe7 Kxe7 17. c4 Rc8 18. Rc1 dxc4 19. Rxc4 Nc6 20. Kd2 Na5 21. Qb4+ Ke8 22. Rxc8+ Rxc8 23. Rc1 Rxc1 24. Kxc1 g5 25. hxg6 fxg6 26. Kd2 Kf7 27. Ke3 Qc6 28. Nd2 Qxg2 29. Ne4 g5 30. Qb5 Ke7 31. Qb4+ Ke8 32. Nf6+ Kf7 33. Qb1 Qh3+ 34. Ke2 Qf5 35. Qc1 g4 36. Qc7+ Kg6 37. Qh7+ Kg5 38. Qg7+ Qg6 39. Ne4+ Kh5 40. Ng3+ Kg5 41. Qe7+ Kf4 42. Qf6+ Qxf6 43. exf6 

1-0

[Event "Magistrale"]
[Site "?"]
[Date "2010.11.06"]
[Round "?"]
[White "Magem Badals, Jordi"]
[Black "Oms Pallisse, Josep"]
[WhiteElo "2593"]
[BlackElo "2528"]
[Result "1-0"]

1. e4 e6 2. d4 d5 3. Bd3 dxe4 4. Bxe4 Nf6 5. Bf3 Nbd7 6. Nc3 c5 7. Nge2 cxd4 8. Qxd4 Bc5 9. Qf4 Qe7 10. O-O Bd6 11. Qe3 a6 12. Ng3 Ne5 13. Rd1 O-O 14. b3 Qc7 15. Bb2 Nxf3+ 16. Qxf3 Rb8 17. Rxd6 Qxd6 18. Nce4 Nxe4 19. Nxe4 Qc7 20. Nf6+ Kh8 21. Qe4 

1-0

[Event "g/10 Match"]
[Site "?"]
[Date "2000.06.30"]
[Round "?"]
[White "Magem Badals, Jordi"]
[Black "Vallejo Pons, Francisco"]
[WhiteElo "2529"]
[BlackElo "2528"]
[Result "1-0"]

1. e4 c5 2. Nf3 Nc6 3. d4 cxd4 4. Nxd4 Nf6 5. Nc3 e5 6. Ndb5 d6 7. Bg5 a6 8. Na3 b5 9. Nd5 Be7 10. Bxf6 Bxf6 11. c3 Ne7 12. Nxf6+ gxf6 13. g3 f5 14. Bg2 fxe4 15. Bxe4 d5 16. Bg2 h5 17. Qe2 Qc7 18. Nc2 Bg4 19. Bf3 Qc4 20. Bxg4 hxg4 21. Qxe5 f6 22. Qe6 Qe4+ 23. Qxe4 dxe4 24. Ne3 f5 25. Rd1 Kf7 26. Rd6 Rhd8 27. Rxd8 Rxd8 28. h4 gxh3 29. Rxh3 Kg6 30. Ke2 Nc6 31. Ng2 Ne5 32. Nf4+ Kf7 33. Rh5 Kf6 34. Rh6+ Kf7 35. Rxa6 Nf3 36. Ra7+ Kf6 37. Ra6+ Kf7 38. Ne6 Rd2+ 39. Ke3 Rxb2 40. Nd4 Ne5 41. Nxf5 Nc4+ 42. Kxe4 Rxf2 43. g4 Re2+ 44. Kf4 Rf2+ 45. Kg5 Ne5 46. Rf6+ Ke8 47. Ng7+ Kd7 48. Rxf2 

1-0

[Event "ESP-chT"]
[Site "?"]
[Date "1996.??.??"]
[Round "?"]
[White "Magem Badals, Jordi"]
[Black "Izeta Txabarri, Felix"]
[WhiteElo "2570"]
[BlackElo "2525"]
[Result "1-0"]

1. e4 c6 2. Nc3 d5 3. Nf3 Bg4 4. h3 Bxf3 5. Qxf3 e6 6. g3 Nd7 7. Bg2 Ngf6 8. d4 Bb4 9. e5 Ne4 10. O-O Nxc3 11. bxc3 Be7 12. Rb1 Rb8 13. Qe2 Qa5 14. Rb3 Qxa2 15. Bb2 Qa6 16. Qg4 h5 17. Qxg7 Rf8 18. Bf3 b5 19. Bxh5 Qb6 20. c4 dxc4 21. Rf3 Kd8 22. Rxf7 Re8 23. Bc1 Qa5 24. Bg5 Qb4 25. Ra1 

1-0

[Event "ESP-chT"]
[Site "?"]
[Date "1998.??.??"]
[Round "?"]
[White "Magem Badals, Jordi"]
[Black "Movsziszian, Karen"]
[WhiteElo "2540"]
[BlackElo "2525"]
[Result "1-0"]

1. e4 g6 2. d4 Bg7 3. Nf3 d6 4. c3 Nf6 5. Bd3 O-O 6. O-O c5 7. h3 Nc6 8. dxc5 dxc5 9. Qc2 Qc7 10. Be3 b6 11. a4 Nh5 12. Re1 Nf4 13. Bf1 h6 14. Na3 g5 15. Nb5 Qb8 16. Na3 Qd6 17. Nc4 Qf6 18. Nfd2 e5 19. a5 Rb8 20. axb6 axb6 21. f3 h5 22. Bf2 Ne7 23. Ne3 Rd8 24. Rad1 Be6 25. Ndc4 b5 26. Na3 b4 27. Nac4 Kh8 28. Rxd8+ Rxd8 29. Rd1 Rg8 30. Nd6 b3 31. Qb1 Ra8 32. Nb7 Neg6 33. Nxc5 Nh4 34. Nxe6 fxe6 35. Rd7 Nxh3+ 36. gxh3 Nxf3+ 37. Kg2 Qf4 38. Bg3 Qxe3 39. Rd3 Qxe4 40. Rd8+ 

1-0

[Event "ch-Catalunya"]
[Site "?"]
[Date "2008.05.22"]
[Round "?"]
[White "Magem Badals, Jordi"]
[Black "Oms Pallise, J"]
[WhiteElo "2470"]
[BlackElo "2524"]
[Result "1-0"]

1. e4 e6 2. d4 d5 3. Nc3 Nf6 4. e5 Nfd7 5. f4 c5 6. Nf3 Nc6 7. Be3 cxd4 8. Nxd4 Bc5 9. Qd2 a6 10. O-O-O O-O 11. Qf2 Bxd4 12. Bxd4 b5 13. Be3 b4 14. Na4 a5 15. h4 Ncb8 16. h5 Ba6 17. h6 g6 18. Nb6 Nxb6 19. Bxb6 Qc8 20. Bc5 Re8 21. Kb1 Nd7 22. Bd6 f5 23. g4 fxg4 24. Rg1 Bxf1 25. Rdxf1 Qc4 26. Rxg4 Qe4 27. Rfg1 Qf5 28. Rg5 Qf7 29. f5 exf5 30. Rxf5 Qe6 31. Rfg5 Rac8 32. Rd1 Rc6 33. Qd4 Ra8 34. Rg2 Rc4 35. Qxd5 Qxd5 36. Rxd5 Kf7 37. b3 Rh4 38. Bxb4 Nb6 39. e6+ Ke8 40. Be1 Re4 41. Rd1 Rxe6 42. a4 Re5 43. Bc3 Rf5 44. Re2+ Kf7 45. Rd6 Nd5 46. Rd7+ Kg8 47. Rg7+ Kf8 48. Bd4 

1-0

[Event "Eu Team Championship"]
[Site "?"]
[Date "1999.11.30"]
[Round "?"]
[White "Magem Badals, Jordi"]
[Black "Kosic, Dragan"]
[WhiteElo "2528"]
[BlackElo "2523"]
[Result "1-0"]

1. e4 e6 2. d3 d5 3. Qe2 Nf6 4. Nf3 b6 5. e5 Nfd7 6. g3 Bb7 7. Bg2 Be7 8. O-O c5 9. c4 d4 10. Nfd2 Bxg2 11. Kxg2 Nc6 12. f4 Qc7 13. Ne4 O-O-O 14. Na3 a6 15. Nc2 Qb7 16. Bd2 f5 17. exf6 gxf6 18. f5 Nde5 19. Ne1 exf5 20. Rxf5 Qd7 21. Qh5 Qe6 22. Nf2 Ng6 23. Nf3 Rhg8 24. Re1 Nce5 25. Nxe5 fxe5 26. Kg1 Rdf8 27. Rxf8+ Rxf8 28. Ne4 Kc7 29. Rf1 Rxf1+ 30. Kxf1 Nf8 31. Kg2 Kd7 32. b3 Kc7 33. Qe8 Qd7 34. Qa8 Qc8 35. Qa7+ Qb7 36. Qxb7+ Kxb7 37. Kf3 h5 38. g4 hxg4+ 39. Kxg4 Ng6 40. Bg5 Bxg5 41. Kxg5 Nf4 42. h4 

1-0

[Event "Linares zt"]
[Site "?"]
[Date "1995.??.??"]
[Round "?"]
[White "Magem Badals, Jordi"]
[Black "San Segundo Carrillo, Pablo"]
[WhiteElo "2560"]
[BlackElo "2520"]
[Result "1-0"]

1. e4 c5 2. Nf3 d6 3. d4 cxd4 4. Nxd4 Nf6 5. f3 Nc6 6. Nc3 e5 7. Nb3 Be7 8. Be3 Be6 9. Nd5 Bxd5 10. exd5 Nb4 11. c4 a5 12. Qd2 b6 13. Be2 O-O 14. O-O Nd7 15. Nc1 Na6 16. Bd1 Ndc5 17. a3 Nc7 18. Na2 a4 19. Nc3 Qd7 20. Bc2 Ra7 21. Rae1 g6 22. Qd1 Rfa8 23. f4 exf4 24. Bxf4 Bf8 25. h4 b5 26. cxb5 Nxb5 27. Na2 Bg7 28. Nb4 Nd4 29. Bb1 Rc7 30. h5 Rcc8 31. h6 Bh8 32. Bd2 Ncb3 33. Bc3 Re8 34. Nc6 Rxe1 35. Rxe1 Re8 36. Kh2 Be5+ 37. Nxe5 dxe5 38. Ba2 Qxd5 39. Bxb3 Qd8 40. Bxa4 Qh4+ 41. Kg1 

1-0

[Event "Moscow ol"]
[Site "?"]
[Date "1994.??.??"]
[Round "?"]
[White "Magem Badals, Jordi"]
[Black "Rodriguez, Amador"]
[WhiteElo "2520"]
[BlackElo "2515"]
[Result "1-0"]

1. e4 c5 2. Nf3 d6 3. d4 cxd4 4. Nxd4 Nf6 5. Nc3 a6 6. Be3 e5 7. Nf3 Qc7 8. a4 Be7 9. a5 Nbd7 10. Nd2 b5 11. axb6 Nxb6 12. Bd3 O-O 13. O-O a5 14. Bxb6 Qxb6 15. Nc4 Qd8 16. Ne3 Be6 17. Bc4 Qb6 18. b3 Kh8 19. Qd3 Rfc8 20. Rfd1 Qc5 21. g3 g6 22. Ncd5 Nxd5 23. Bxd5 Ra7 24. Ra4 Rd8 25. Rda1 Rb8 26. Qd2 Bd8 27. Rc4 Qb6 28. Rc6 Qd4 29. Qe1 Bd7 30. c3 Qd3 31. Rc4 Bb5 32. Rd1 Bxc4 33. bxc4 Qxd1 34. Qxd1 a4 35. Nc2 a3 36. Nb4 a2 37. Qa1 Bb6 38. c5 Bxc5 39. Nxa2 f5 40. exf5 gxf5 41. Qc1 f4 

1-0

[Event "Spanish Championship Division 1"]
[Site "?"]
[Date "1999.11.11"]
[Round "?"]
[White "Magem Badals, Jordi"]
[Black "San Segundo Carrillo, Pablo"]
[WhiteElo "2528"]
[BlackElo "2510"]
[Result "1-0"]

1. e4 e6 2. d3 d5 3. Qe2 c5 4. Nf3 Nc6 5. g3 Nf6 6. Bg2 Be7 7. O-O dxe4 8. dxe4 e5 9. c3 h6 10. Na3 Be6 11. Nc4 Qc7 12. Nh4 O-O 13. f4 exf4 14. Bxf4 Bxc4 15. Qxc4 Ne5 16. Bxe5 Qxe5 17. Ng6 b5 18. Qxf7+ 

1-0

[Event "Campionat Individual Absolut d"]
[Site "?"]
[Date "2010.05.20"]
[Round "?"]
[White "Magem Badals, Jordi"]
[Black "Alonso Rosell, Alvar"]
[WhiteElo "2585"]
[BlackElo "2507"]
[Result "1-0"]

1. e4 c5 2. Nf3 d6 3. d4 Nf6 4. Nc3 cxd4 5. Qxd4 Nc6 6. Bb5 Bd7 7. Bxc6 Bxc6 8. Bg5 e6 9. O-O-O Be7 10. Qd3 O-O 11. Nd4 Qa5 12. h4 Rfc8 13. f4 b5 14. e5 b4 15. Nxc6 Rxc6 16. exf6 gxf6 17. Ne4 fxg5 18. hxg5 b3 19. Nc3 Kf8 20. Rxh7 Ke8 21. axb3 Qa1+ 22. Nb1 Rac8 23. Rd2 Qa5 24. g3 d5 25. g6 fxg6 26. Qxg6+ Kd7 27. c3 Qb4 28. f5 Qe4 29. Rxe7+ 

1-0

[Event "Buenos Aires Najdorf"]
[Site "?"]
[Date "1996.??.??"]
[Round "?"]
[White "Magem Badals, Jordi"]
[Black "Sorin, Ariel"]
[WhiteElo "2565"]
[BlackElo "2505"]
[Result "1-0"]

1. e4 e5 2. Nf3 Nc6 3. Bb5 a6 4. Bxc6 dxc6 5. O-O Qd6 6. d3 f6 7. Be3 Bg4 8. Nbd2 Qd7 9. h3 Be6 10. d4 exd4 11. Nxd4 Bf7 12. Qe2 Ne7 13. Rfd1 c5 14. N4b3 b6 15. a4 a5 16. e5 Qc6 17. Nc4 Bd5 18. f3 Qe6 19. Ncxa5 Qxe5 20. c4 Bf7 21. f4 Qe6 22. Qf3 Rb8 23. Re1 bxa5 24. Bxc5 Qa6 25. Nd4 Rd8 26. Nc6 Qxc4 27. Rac1 Qd5 28. Bxe7 Bxe7 29. Rxe7+ Kf8 30. Nxd8 Kxe7 31. Nxf7 Qxf3 32. Rxc7+ Ke6 33. gxf3 Rb8 34. Kf2 g6 35. Kg3 h5 36. f5+ Kxf5 37. Nd6+ Kg5 38. h4+ Kh6 39. Nc4 Rb4 40. Nxa5 Rxa4 41. Nc6 g5 42. b4 Ra3 43. Nd4 Kg6 44. b5 Ra4 45. Rd7 Rb4 46. hxg5 fxg5 47. Rd6+ Kf7 48. b6 

1-0

[Event "Capablanca mem-A"]
[Site "?"]
[Date "1993.??.??"]
[Round "?"]
[White "Magem Badals, Jordi"]
[Black "Spangenberg, Hugo"]
[WhiteElo "2510"]
[BlackElo "2505"]
[Result "1-0"]

1. e4 c5 2. Nf3 Nc6 3. Bb5 g6 4. O-O Bg7 5. c3 Nf6 6. Re1 O-O 7. h3 a6 8. Bxc6 dxc6 9. d3 Qc7 10. e5 Nd5 11. c4 Nb6 12. Nc3 Rd8 13. Qe2 Bf5 14. Rd1 Qd7 15. Ne1 Qc7 16. Bf4 Nd7 17. Nf3 Nf8 18. Bh2 Qd7 19. Na4 Bxd3 20. Qe3 Qf5 21. Nb6 Bc2 22. Rd2 Rxd2 23. Qxd2 Re8 24. Ne1 Be4 25. f3 Bxe5 26. Bxe5 Qxe5 27. fxe4 Qxe4 28. Nf3 e5 29. Nd7 Nxd7 30. Qxd7 Qe3+ 31. Kh1 Re6 32. Rf1 Rf6 33. Re1 Qf4 34. Qe8+ Kg7 35. Qxe5 Qxc4 36. Rd1 h6 37. Nh2 h5 38. Nf3 Qxa2 39. Ng5 Qa4 40. Rd7 

1-0

[Event "ch-Catalunya"]
[Site "?"]
[Date "2008.05.24"]
[Round "?"]
[White "Magem Badals, Jordi"]
[Black "Fluvia Poyatos, Jordi"]
[WhiteElo "2470"]
[BlackElo "2504"]
[Result "1-0"]

1. e4 c6 2. d3 d5 3. Nd2 e5 4. Ngf3 Bd6 5. d4 exd4 6. exd5 cxd5 7. Nxd4 Nf6 8. Bb5+ Bd7 9. Qe2+ Qe7 10. Bxd7+ Nbxd7 11. Qxe7+ Bxe7 12. Nf5 Bf8 13. O-O O-O-O 14. Nf3 g6 15. N5d4 Ne4 16. Be3 Bg7 17. Rad1 Ne5 18. Nxe5 Bxe5 19. c3 Nd6 20. Nf3 Bf6 21. Rxd5 b6 22. Rfd1 Nc4 23. Rxd8+ Rxd8 24. Rxd8+ Kxd8 25. Bc1 Kd7 26. Kf1 a5 27. Ke2 a4 28. Kd3 Ne5+ 29. Nxe5+ Bxe5 30. h3 Kc6 31. c4 b5 32. b3 h5 33. cxb5+ Kxb5 34. Ke4 Bc7 35. Ba3 axb3 36. axb3 Kc6 37. f3 Bg3 38. Kd4 Kb5 39. Kd5 Bf4 40. Bd6 Bd2 41. Bf8 Bf4 42. Be7 Bg3 43. Bd6 Be1 44. f4 Bc3 45. Ba3 Bg7 46. Be7 Bc3 47. Kd6 Kb4 48. Kd7+ Kxb3 49. Ke8 Bd2 50. Kxf7 Bxf4 51. Kxg6 Kc4 52. Kxh5 Kd5 53. Kg6 Ke6 54. Bg5 Be5 55. g4 Kd7 56. Kf7 

1-0